<?xml version="1.0" encoding="UTF-8"?>
<marc:record xmlns:marc="http://www.loc.gov/MARC21/slim">
   <marc:leader>00000nam a2200000 a 4500</marc:leader>
   <marc:datafield ind1=" " ind2=" " tag="653">
      <marc:subfield code="a">Uhr</marc:subfield>
   </marc:datafield>
   <marc:datafield ind1=" " ind2=" " tag="653">
      <marc:subfield code="a">Sachbilderbuch</marc:subfield>
   </marc:datafield>
   <marc:datafield ind1="0" ind2="0" tag="245">
      <marc:subfield code="a">Wir lernen die Uhr mit den Wichteln</marc:subfield>
   </marc:datafield>
   <marc:datafield ind1=" " ind2="1" tag="264">
      <marc:subfield code="a">Köln</marc:subfield>
      <marc:subfield code="b">Schwager &amp; Steinlein Verlag GmbH</marc:subfield>
   </marc:datafield>
   <marc:datafield ind1="1" ind2=" " tag="520">
      <marc:subfield code="a">Weißt du schon, wie spät es ist?&#xD;
&#xD;
• Stabile Pappe, lustige Illustrationen&#xD;
&#xD;
• Mit Uhr mit beweglichen Zeigern&#xD;
&#xD;
• Ideal zum Üben für Kinder ab 4 Jahren&#xD;
&#xD;
Wann gehen die Wichtel schwimmen? Um wie viel Uhr gibt es Kuchen für den Geburtstags-Wichtel? Ein Tag bei den Wichteln ist ein guter Tag, um zu erfahren, wie man die Uhr liest! In diesem farbenfrohen Pappebuch lernen Kinder ab 4 Jahren auf spielerische Art und Weise die Uhrzeiten kennen. Halbe Stunde und ganze Stunde, Viertelstunde und Minuten: Mit der integrierten Uhr können Kinder selber die Uhrzeiten einstellen und das Lesen trainieren.</marc:subfield>
   </marc:datafield>
   <marc:datafield ind1=" " ind2=" " tag="020">
      <marc:subfield code="a">9783849940133</marc:subfield>
      <marc:subfield code="9">9783849940133</marc:subfield>
   </marc:datafield>
   <marc:datafield ind1=" " ind2=" " tag="041">
      <marc:subfield code="a">ger</marc:subfield>
   </marc:datafield>
   <marc:datafield ind1=" " ind2=" " tag="300">
      <marc:subfield code="b">Illustrationen</marc:subfield>
   </marc:datafield>
   <marc:datafield ind1="1" ind2=" " tag="521">
      <marc:subfield code="a">Ab 4 Jahren</marc:subfield>
   </marc:datafield>
   <marc:datafield ind1=" " ind2=" " tag="338">
      <marc:subfield code="a">Band</marc:subfield>
   </marc:datafield>
   <marc:datafield ind1=" " ind2=" " tag="300">
      <marc:subfield code="a">12 ungezählte Seiten</marc:subfield>
   </marc:datafield>
</marc:record>
